| 000 | 00648nam a2200241 i 4500 | ||
|---|---|---|---|
| 001 | C2-0154550 | ||
| 003 | PPAK | ||
| 005 | 20180727132055.0 | ||
| 008 | 980330s1992 enka|||| ||||| | eng d | ||
| 020 | _a0140348077 | ||
| 040 |
_aPPAK _beng _cPPAK _erda |
||
| 082 | 0 | 4 |
_a823 _223 |
| 090 | 0 | 0 |
_a823 _bHAY _dK |
| 100 | 1 |
_aHayes, Rosemary, _eauthor |
|
| 245 | 1 | 4 | _aThe smell that got away |
| 264 | 1 |
_aLondon : _bPuffin Books , _c1992 |
|
| 300 |
_a95 pages : _billustrations ; _c20 cm |
||
| 336 |
_2rdacontent _atext |
||
| 337 |
_2rdamedia _aunmediated |
||
| 338 |
_2rdacarrier _avolume |
||
| 650 | 1 | 0 | _aChildren's stories, English |
| 942 |
_ddc _cB |
||
| 999 |
_c47602 _d47602 |
||